| 000 | 01021cab a2200265 4500 | ||
|---|---|---|---|
| 001 | X1683 | ||
| 008 | 090401t1994 xxu||||| |||| 00| 0 eng d | ||
| 035 | _a(Sirsi) u18664 | ||
| 041 | _aeng | ||
| 245 | _aMortgage Express Ltd v Bowerman & Partners | ||
| 260 | _c1994 | ||
| 350 | _a0 | ||
| 490 |
_aEstates Gazette _v1994 34 EG 116-122(7) |
||
| 520 | _aChD 17 May 1994. Raised question of whether a solicitor owed duty to inform mortgagee of subsale by which vendor selling out substantial profit suggested that mortgagee relied on incorrect valuation. In awarding £114,207.17 damages it was held that a solicitor acting for mortgagee and purchaser has a duty of care to each party to inform them of the information. | ||
| 650 | _aDAMAGES | ||
| 650 | _aDUTY OF CARE | ||
| 650 | _aDUTY TO INFORM | ||
| 650 | _aFALLING MARKET | ||
| 650 | _aNEGLIGENCE | ||
| 650 | _aSOLICITORS | ||
| 650 | _aVALUATIONS | ||
| 690 | _aMANAGEMENT-BUSINESS MANAGEMENT-PROFESSIONAL PRACTICE | ||
| 942 | _n0 | ||
| 948 | _c04/03/1997 | ||
| 999 |
_c12421 _d12421 |
||